000 00856nam a22002055i 4500
001 154814
003 ES-MaACL
005 20230906205849.0
008 040712s1900 fr a |||| | fre d
040 _aCAM
_bspa
_cCAM
100 1 _aGrünwedel, Albert.
_9127582
245 1 0 _aMythologie du Buddhisme au Tibet et en Mongolie
_b: basée sur la collection Lamaïque du Prince Oukhtomsky /
_cpar Albert Grünwedel ; avec une préface du Prince Oukhtommsky ; traduit de l'allemand par Ivan Goldschmidt.
260 _aParis :
_bErnest Leroux ;
_aLeipzig :
_bF.A. Brockhaus,
_c1900.
300 _aXXXVII, 247 p. :
_bil. ;
_c28 cm.
650 4 _aMitología budista.
_9136514
650 4 _aBudismo tibetano.
_9158290
700 1 _aOukhtomsky
_c, Prince.
_9130751
700 1 _aGoldschmidt, Ivan.
_9127360
852 _aES-MaACL
_jB-12987
_z-- Rust. deteriorada
999 _c154814
_d154814